Online
Catalog

Recopilación de resoluciones dictadas por la dirección general de mensuras catastrales, año 2016. (Record no. 46924)

MARC details
000 -CABECERA
campo de control de longitud fija 01077nam a2200181 a 4500
001 - NÚMERO DE CONTROL
campo de control 000047436
005 - FECHA Y HORA DE LA ÚLTIMA TRANSACCIÓN
campo de control 20201002060535.0
008 - DATOS DE LONGITUD FIJA--INFORMACIÓN GENERAL
campo de control de longitud fija 180529s2017 dr 000 0 spa d
020 ## - NÚMERO INTERNACIONAL ESTÁNDAR DEL LIBRO
Número Internacional Estándar del Libro 9789945585346
040 ## - FUENTE DE LA CATALOGACIÓN
Centro catalogador/agencia de origen DO-SdBNP
Lengua de catalogación spa
Centro/agencia transcriptor BNPHU
082 ## - NÚMERO DE LA CLASIFICACIÓN DECIMAL DEWEY
Número de clasificación xx
Número de documento/Ítem xx
110 2# - ENTRADA PRINCIPAL--NOMBRE DE ENTIDAD CORPORATIVA
Nombre de entidad corporativa o nombre de jurisdicción como elemento de entrada Republica Dominicana
Unidad subordinada Poder Judiacial
9 (RLIN) 75071
245 10 - MENCIÓN DE TÍTULO
Título Recopilación de resoluciones dictadas por la dirección general de mensuras catastrales, año 2016.
260 ## - PUBLICACIÓN, DISTRIBUCIÓN, ETC.
Lugar de publicación, distribución, etc. Santo Domingo, República Dominicana :
Nombre del editor, distribuidor, etc. Poder Judicial,
Fecha de publicación, distribución, etc. 2017.
300 ## - DESCRIPCIÓN FÍSICA
Extensión 59 p. ;
Dimensiones 23 cm.
505 0# - NOTA DE CONTENIDO CON FORMATO
Nota de contenido con formato Resolucion núm. 3642-2016, que aprueba el reglamento de desjudicialización de deslinde y procedimientos diversos --
Título Resolución núm. 3643-2016, que aprueba el reglamento para la solicitud de autorización de mensura para saneamiento --
-- Resolución núm.3644-2016, que aprueba el reglamento para el uso de condenas de la red de estaciones permanentes y levantamientos parcelarios --
-- Resolución núm.3645-2016, que aprueba el reglamento sobre solucioens de mensuras superpuestas.
590 ## - NOTA LOCAL (RLIN)
Nota local Inventariado, 2019/VM
Holdings
Estado de retiro Estado de pérdida Restricciones de uso No para préstamo Código de colección Localización permanente Ubicación/localización actual Ubicación en estantería Fecha de adquisición Número de inventario Total de préstamos Signatura topográfica completa Código de barras Fecha visto por última vez Número de copia Precio válido a partir de Tipo de ítem Koha
        Dominicana de Servicio General General Depósito 29.05.2018 LF1   xx xx 47436-30 25.06.2020 e. 3 25.06.2020 Libro y Folleto Colección Dominicana de Servicio
      Excluido de préstamo Patrimonio Dominicano Patrimonio Dominicano Patrimonio Dominicano Depósito 29.05.2018 LF1   xx xx 47436-10 25.06.2020   25.06.2020 Libro y Folleto Colección Patrimonio Dominicano
      Excluido de préstamo Patrimonio Dominicano Patrimonio Dominicano Patrimonio Dominicano Depósito 29.05.2018 LF1   xx xx 47436-20 25.06.2020 e. 2 25.06.2020 Libro y Folleto Colección Patrimonio Dominicano

Powered by Koha